000 00986nam a2200253Ia 4500
003 IN-BaIIA
008 211028s9999 xx 000 0 eng d
020 _a0-7923-1111-6
040 _cIIA Library
080 _a082.2:52
_bIAU-S148
111 _aSymposium of the International Astronomical Union
_cAustralia
_d1990 July 9-13
_917218
245 4 _aThe magellanic clouds
_bproceedings of the 148th Symposium of the International Astronomical Union held in Sydney Australia, July 9-13, 1990.
_cedited by R. Haynes and D. Miln
260 _aDordrecht
_bKluwer Academic
_c1991
300 _axix, 503p.
490 _aIAU Symposium; no.148
650 _aAstronomy and Astrophysics Thesaurus
650 _aGalaxies
_91286
650 _aMagellanic clouds
_94110
650 _aNearby galaxies
_910757
700 _aHaynes, R., ed.
_917219
700 _aMiln, D., ed.
_917220
710 _aInternational Astronomical Union
942 _cBK
999 _c10158
_d10158